Memoria del encuentro nacional "actividad bananera en Costa Rica"

Zapisane w:
Opis bibliograficzny
Korporacja: CSUCA. Programa Centroamericano de Ciencias Sociales
Format: Texto
Wydane: San José: CSUCA. Secretaría General
Etykiety: Dodaj etykietę
Nie ma etykietki, Dołącz pierwszą etykiete!

MARC

LEADER 00000 a a2200000 04500
001 16397
003
040
090 |a 013100  
110 |a CSUCA. Programa Centroamericano de Ciencias Sociales  
245 |a Memoria del encuentro nacional "actividad bananera en Costa Rica"  
260 |a San José:   |b CSUCA. Secretaría General  
300 |a 19 p.  
999 |c 505  |d 505